El juicio penal bonaerense : incluye análisis y comentarios a la Ley 14.543, sobre juicio por jurados /

Guardado en:
Autor Principal: Favarotto, Ricardo S.
Otros Autores: Simaz, Alexis Leonel, Maier, Julio B. J., (prol.)
Formato: Desconocido
Idioma:Spanish
Publicado: Ciudad autonoma de Buenos Aires : Ediar, 2013
Edición:1a. ed.
Series:Sistema penal actual II
Materias:
Etiquetas: Agregar Etiqueta
Sin Etiquetas, Sea el primero en etiquetar este registro!
LEADER 00731nac a22001935a 4500
001 DER.der012907
008 180615s2013####ag#||||||||||||||#||spa||
005 20250630134309.0
245 1 0 |a El juicio penal bonaerense :  |b incluye análisis y comentarios a la Ley 14.543, sobre juicio por jurados /  |c Ricardo S. Favarotto y Alexis Leonel Simaz ; prólogo de Julio B. J. Maier. 
250 |a 1a. ed. 
260 |a Ciudad autonoma de Buenos Aires :  |b Ediar,  |c 2013 
300 |a 389 p. 
440 0 |a Sistema penal actual  |v II 
020 |a 9789505743070 
100 1 |a Favarotto, Ricardo S. 
700 1 |a Simaz, Alexis Leonel 
700 1 |a Maier, Julio B. J.,  |e prol. 
650 7 |a DERECHO PROCESAL PENAL 
859 |a DERECHO  |b BIB. DERECHO  |h 345.05  |i FAV  |p 007718